Essential Microbiology for Nurses / (Record no. 1631)

MARC details
000 -LEADER
Fixed length control field 00544nam a2200205Ia 4500
003 - CONTROL NUMBER IDENTIFIER
Control field IIN
005 - DATE AND TIME OF LATEST TRANSACTION
Control field 20240105121839.0
008 - FIXED-LENGTH DATA ELEMENTS--GENERAL INFORMATION
Fixed length control field 231217s9999 xx 000 0 und d
020 ## - INTERNATIONAL STANDARD BOOK NUMBER / ISBN
International Standard Book Number 9789386006844
040 ## - CATALOGING SOURCE
Original cataloging agency IIN
Language of cataloging English
082 ## - DEWEY DECIMAL CLASSIFICATION NUMBER
Classification number 579.0282
Book Number SHE
100 1# - MAIN ENTRY--PERSONAL NAME
Personal name Shenoy, Suchitra
245 1# - TITLE STATEMENT
Title Essential Microbiology for Nurses /
Statement of responsibility Suchitra Shenoy & Dominic Saldanna
250 ## - EDITION STATEMENT
Edition statement 3rd ed
260 ## - IMPRINT
Name of publisher EMMESS
Place of publication Bangalore
Date of publication 2019
300 ## - PHYSICAL DESCRIPTION
Page / Vol. No vi, 342p.
650 1# - SUBJECT ADDED ENTRY--TOPICAL TERM
Topical term Microbiology
Form subdivision Nurses
700 1# - ADDED ENTRY--PERSONAL NAME
Personal name Saldanna, Dominic
942 ## - ADDED ENTRY ELEMENTS (KOHA)
Koha item type Books
Holdings
Withdrawn status Lost status Source of classification Damaged status Not for loan Collection code Home library Current library Date acquired Total Checkouts Call number Accession number Date last seen Price effective from Koha item type Shelving location
    Dewey Decimal Classification       IDEAL INSTITUTE OF NURSING IDEAL INSTITUTE OF NURSING 17/12/2023   579.0282 SHE D5 17/12/2023 17/12/2023 Books  
    Dewey Decimal Classification     Purches Book IDEAL INSTITUTE OF NURSING IDEAL INSTITUTE OF NURSING 11/03/2025   579.0282 SHE 1884 12/04/2025 12/04/2025 Books General Stacks
© Ideal Institute Of Nursing, All rights reserved.         Powered by Koha